MARC details
| 000 -CABECERA |
| campo de control de longitud fija |
01046nam a22002657a 4500 |
| 003 - IDENTIFICADOR DEL NÚMERO DE CONTROL |
| campo de control |
UPN |
| 005 - FECHA Y HORA DE LA ÚLTIMA TRANSACCIÓN |
| campo de control |
20230209064145.0 |
| 008 - ELEMENTOS DE LONGITUD FIJA--INFORMACIÓN GENERAL |
| campo de control de longitud fija |
221004s2017 sp| |||fr|||| 000 0 spa d |
| 020 ## - NÚMERO INTERNACIONAL NORMALIZADO PARA LIBROS |
| Número Internacional Estándar del Libro |
9788416421596 |
| 040 ## - FUENTE DE LA CATALOGACIÓN |
| Centro catalogador/agencia de origen |
MX-MxUPN |
| Lengua de catalogación |
spa |
| Centro/agencia transcriptor |
MX-MxUPN |
| 050 #4 - SIGNATURA TOPOGRÁFICA DE LA BIBLIOTECA DEL CONGRESO |
| Número de clasificación |
HV6626 |
| Número de documento/Ítem |
V565 2017 |
| 245 00 - MENCIÓN DE TÍTULO |
| Título |
Violencia de género y cooperación universitaria al desarrollo |
| 250 ## - MENCIÓN DE EDICIÓN |
| Mención de edición |
Primera edición |
| 260 ## - PUBLICACIÓN, DISTRIBUCIÓN, ETC. |
| Lugar de publicación, distribución, etc. |
Barcelona : |
| Nombre del editor, distribuidor, etc. |
Anthropos : |
| -- |
Universidad Pablo de Olavide : |
| -- |
Agencia Andaluza de cooperación Internacional para el Desarrollo, Consejería de Igualdad y Políticas Sociales , |
| Fecha de publicación, distribución, etc. |
2017 |
| 300 ## - DESCRIPCIÓN FÍSICA |
| Extensión |
127 páginas |
| 490 0# - MENCIÓN DE SERIE |
| Mención de serie |
Libros de la Revista Anthropos |
| 650 #4 - ASIENTO SECUNDARIO DE MATERIA - TERMINO TEMATICO |
| Término de materia o nombre geográfico como elemento de entrada |
Violencia contra las mujeres |
| 9 (RLIN) |
9029 |
| 650 #4 - ASIENTO SECUNDARIO DE MATERIA - TERMINO TEMATICO |
| Término de materia o nombre geográfico como elemento de entrada |
Cooperación universitaria |
| 9 (RLIN) |
7352 |
| 700 1# - ASIENTO SECUNDARIO--NOMBRE DE PERSONAL |
| 9 (RLIN) |
46951 |
| Nombre de persona |
Pino Espejo, María José del |
| Término indicativo de función/relación |
directora |
| -- |
cordinadora |
| 700 1# - ASIENTO SECUNDARIO--NOMBRE DE PERSONAL |
| 9 (RLIN) |
46952 |
| Nombre de persona |
Torres Calzada, Katjia |
| Código de función/relación |
editora |
| 700 1# - ASIENTO SECUNDARIO--NOMBRE DE PERSONAL |
| 9 (RLIN) |
46953 |
| Nombre de persona |
Guzmán Fluja, Vicente C. |
| Término indicativo de función/relación |
escritor de presentación |
| 902 ## - ELEMENTOS DE DATOS B LOCAL, LDB (RLIN) |
| Creó |
VíctorGodínez/041022 |
| 942 ## - ELEMENTOS DE PUNTO DE ACCESO ADICIONAL (KOHA) |
| Fuente del sistema de clasificación o colocación |
Library of Congress Classification |
| Tipo de ítem Koha |
Libro |